| 000 | 00413nam a22001697a 4500 | ||
|---|---|---|---|
| 003 | MPLRDC | ||
| 005 | 20220104144320.0 | ||
| 008 | 210129b ||||| |||| 00| 0 eng d | ||
| 082 | _a947.413 YYBRS v.15 | ||
| 100 | _a宇野比吕士绘 | ||
| 245 |
_a天空的霸者Z. 第十五册 _c |
||
| 250 | _a初版 | ||
| 260 |
_a _b天下 _c |
||
| 300 | _b平 | ||
| 650 | _a长篇漫画 | ||
| 942 |
_cBK _o947.413 YYBRS v.15 |
||
| 999 |
_c48427 _d48417 |
||